000 00650cam a22002411 4500
001 med47000470
003 DLC
005 20260227111559.0
008 810815s1946 xx 000 0 ita
010 _amed47000470
035 _a(OCoLC)14737933
040 _aDLC
_cDNLM
_dDLC
042 _apremarc
050 0 0 _aRC685.I6
_bM33
060 0 0 _aWG 280
_bM444i 1946
060 0 0 _aFilm 3291 no. 1
100 1 _aMattioli, Mario.
245 1 2 _aL'infarto del miocardio ...
260 _aNapoli,
_bEdizioni scientifiche italiane,
_c1946.
300 _a357 p.
_bill.
490 0 _aCollana di monografie
500 _aMicrofilmed for preservation
_5DNLM
999 _c38089
_d38089